LEADER 00834nam a2200217 u 4500 001 000000017116 003 CaOOAMICUS 005 20070226110053.0 008 940517s1953 it u000 u ita u 035 $a10400751 040 $aPUL(R)$bita 100 1 $aNicolas, Jean Hervé,$cO.P.,$d1910-$0(OLS)http://pul/name/12206 245 10$aDio č amore /$cJ.H. Nicolas ; prefazione del R.P.B. Lavaud O.P. 260 $aBrescia :$bQueriniana,$c1953. 300 $a247 p. ;$c23 cm 650 4$aDio$xAmore.$0(OLS)http://pul/subject/12087 850 $aPUL 852 $aPUL$W1$xDP1 Fondo Pastorale$y55$mP1 C 3$j24123$nBK-PRI$b $qFondi$B24123$CPULBib$Z2$F24123 $H $81 941 1 $a1 996 $6245$aDio č amore$9(OLS)http://pul/title/24494 996 $6260$aBrescia :$bQueriniana$9(OLS)http://pul/publisher/47906 LEADER 01413nam a2200277 u 4500 001 000000113951 003 CaOOAMICUS 005 20081118163744.0 008 081118s2008 it u000 u ita r 040 $aPUL$bita$dLDB 245 00$aComunicare il prodotto attraverso il packaging. 260 $aMilano :$bIl Sole 24 ore,$c2008. 300 $a150 p. ;$c19 cm. +$e2 CD-Rom 490 1 $aMaster 24. Marketing & comunicazione ;$v23 500 $aEdizione speciale per Il Sole 24 ore. 500 $aIn cofanetto. 504 $aInclude riferimenti bibliografici. 650 14$aMarketing.$0(OLS)http://pul/subject/7374 830 0$aMaster 24. Marketing & comunicazione ;$v23.$0(OLS)http://pul/title/143177 850 $aPUL 852 $aPUL$W1$xDP2 Cons. Gen., Altre Classi 3$y97$m658. 8 COLL 1.23$j130205$qDDC 21$B129282$CPULBib$Z2$F129282 $H108141 $82 852 $aPUL$W1$xSL Cons. Gen., Altre Classi 3$y75$m658. 8 COLL 1.23CDa$j130206$qCD-Rom 1$qDDC 21$B129283$CPULBib$Z2$F129283 $H108142 $82 852 $aPUL$W1$xSL Cons. Gen., Altre Classi 3$y75$m658. 8 COLL 1.23CDb$j130207$qCD-Rom 2$qDDC 21$B129284$CPULBib$Z2$F129284 $H108143 $82 941 1 $a9 996 $6245$aComunicare il prodotto attraverso il packaging$9(OLS)http://pul/title/143200 996 $6260$aMilano :$bIl Sole 24 ore$9(OLS)http://pul/publisher/69212